| Поле | Название | Значение |
| |
Тип записи |
a |
| |
Библиографический уровень |
m |
| 001 |
Контрольный номер |
SKBR/0af7c90a-e890-4189-91b4-b50df4fc2b65 |
| 005 |
Дата корректировки |
20260512092908.2 |
| 010 |
Индекс ISBN |
__ |
| a |
ISBN |
978-5-17-156796-5 |
| 9 |
Тираж |
2000 экз. |
| b |
Уточнения |
в пер. |
| d |
Цена |
200-00 |
| 035 |
Другие системные номера |
__ |
| a |
Идентификатор записи |
RU\NLR\BIBL_A\022049370 |
| 100 |
Данные общей обработки |
__ |
| a |
Данные общей обработки |
20260421d2023 m y0rusy028902 ca |
| 101 |
Язык документа |
0_ |
| a |
Язык текста |
rus |
| 102 |
Страна публикации |
__ |
| a |
Страна публикации |
RU |
| 105 |
Кодированные данные (монография) |
__ |
| a |
Кодированные данные (монография) |
a z 000hy |
| 181 |
Поле кодированных данных: вид содержания |
_0 |
| a |
Код вида содержания (ISBD) |
i |
| 182 |
Поле кодированных данных: тип средства |
_0 |
| a |
Код типа средства (ISBD) |
n |
| 200 |
Заглавие и сведения об ответственности |
1_ |
| a |
Заглавие |
Наедине с собой. Размышления |
| f |
Первые сведения об ответственности |
Марк Аврелий |
| 203 |
Вид содержания и тип средства |
__ |
| a |
Вид содержания |
Текст |
| c |
Тип средства |
непосредственный |
| 210 |
Выходные данные |
1_ |
| a |
Место издания |
Москва |
| c |
Издательство |
АСТ |
| d |
Дата издания |
2023 |
| 215 |
Физическое описание |
__ |
| a |
Объем |
189, [1] с. |
| c |
Иллюстрации/тип воспроизводства |
ил. |
| d |
Формат |
18 см |
| 225 |
Серия |
1_ |
| a |
Серия |
Мудрые мысли на каждый день |
| 330 |
Аннотация |
__ |
| a |
Аннотация |
Марк Аврелий – представитель позднего стоицизма и последователь Эпиктета. В своих философских записях он уделял наибольшее внимание этике, выделив остальные разделы для пропедевтических целей. Если прежние стоики считали душу главенствующим началом, то Марк Аврелий называл ведущим началом разум. В своём сборнике "Наедине с собой. Размышления" он приводит аргументы в пользу того, что нужно привести разум в согласие с природой целого и достигнуть благодаря этому бесстрастия. Потому что в согласии со всеобщим разумом заключено счастье. Здесь вы найдёте наиболее яркие и запоминающиеся изречения великого философа на любые жизненные случаи. |
| 333 |
Примечание о целевом назначении |
__ |
| a |
Примечание о целевом назначении |
12+. Для детей старше 12 лет |
| 517 |
Другие варианты заглавия |
1_ |
| a |
Другие варианты заглавия |
Размышления |
| 606 |
Тематические рубрики |
__ |
| a |
Основная рубрика |
Философия |
| 2 |
Код системы |
nlr_sh |
| 606 |
Тематические рубрики |
__ |
| a |
Основная рубрика |
Всемирная история философии |
| 2 |
Код системы |
nlr_sh |
| y |
Географическая подрубрика |
Древний Рим |
| 610 |
Ключевые слова |
0_ |
| a |
Ключевые слова |
античная философия |
| 610 |
Ключевые слова |
0_ |
| a |
Ключевые слова |
древнеримская философия |
| 610 |
Ключевые слова |
0_ |
| a |
Ключевые слова |
стоицизм |
| 610 |
Ключевые слова |
0_ |
| a |
Ключевые слова |
философские размышления |
| 610 |
Ключевые слова |
0_ |
| a |
Ключевые слова |
этика |
| 610 |
Ключевые слова |
0_ |
| a |
Ключевые слова |
высказывания |
| 610 |
Ключевые слова |
0_ |
| a |
Ключевые слова |
римские императоры |
| 686 |
Индексы других классификаций |
__ |
| a |
Классификационный индекс |
87.3(0)323-245 |
| 2 |
Код системы |
rubbks |
| 700 |
Автор |
_0 |
| a |
Фамилия |
Марк Аврелий Антонин |
| c |
Титул (звания) |
император римский |
| f |
Даты |
121-180 |
| 4 |
Код отношения |
070 |
| 801 |
Источник записи |
_0 |
| a |
Страна |
RU |
| b |
Организация |
NLR |
| c |
Дата составления |
20231013 |
| g |
Правила каталогизации |
PSBO |
| 801 |
Источник записи |
_1 |
| a |
Страна |
RU |
| b |
Организация |
NLR |
| c |
Дата составления |
20231013 |
| g |
Правила каталогизации |
PSBO |
| 801 |
Источник записи |
_2 |
| a |
Страна |
RU |
| b |
Организация |
NLR |
| c |
Дата составления |
20231101 |
| 2 |
Код формата |
rusmarc |
| g |
Правила каталогизации |
PSBO |
| 852 |
Данные о местонахождении |
__ |
| i |
Авторский знак |
М 26 |
| j |
Шифр хранения |
87.3(0)323-245 |
| 900 |
Макрообъекты |
__ |
| a |
Макрообъекты |
Наедине с собой. Размышления. Марк Аврелий Антонин, 2023 |
| 901 |
Тип документа |
__ |
| a |
Ответственный |
КиК/Обаева |
| t |
Тип документа |
m |
| 901 |
Тип документа |
__ |
| a |
Ответственный |
5 партия |
| 903 |
Характеристики (МАРС) |
__ |
| a |
Дата передачи |
20260421 |
| c |
Наименование библиотеки (МАРС) |
Муниципальное бюджетное учреждение культуры "Централизованная библиотечная система" г. Сургут (Центральная городская библиотека им. А. С. Пушкина) |
| 990 |
Данные о заказе (DOS) |
__ |
| j |
Количество экземпляров (DOS) |
1 |
| t |
N записи в КСУ для И/У (DOS) |
202605 |